000 00481nam a2200181Ia 4500
003 GCL
008 140319s9999 xx 000 0 eng d
040 _aGCL /
_cGCL
082 0 4 _a746.0439
_bI B
100 1 _aIMSTITAT DU MONDE ARABE
245 1 0 _aBRADERIE D'ALGER, FLARITEGE DE SOIE /
_cIMSTITAT DU MONDE ARABE
260 _a[S.N] :
_bINSTITUT DU MONDE ARABE ،
_c1992
300 _a70 P
650 0 4 _aART, ALGERIA
650 0 4 _aARTS
650 0 4 _aALGERIA
942 _2ddc
_cBK
999 _c19207
_d19207